000 01054nam a22002655i 4500
001 160256
003 ES-MaACL
005 20230906211959.0
008 010723s1900 fr a |||| | fre d
040 _aCCPB | B
_bspa
_cCCPB | B
080 _a39(44)
080 _a569.89
100 1 _aMortillet, Gabriel de.
_9130226
245 1 0 _aFormation de la nation française
_b: textes, linguistique, palethnologie, anthropologie /
_cpar Gabriel de Mortillet.
250 _a2ème éd. rev.
260 _aParis :
_bAncienne Librairie Germer Baillière et Cª :
_bFélix Alcan,
_c1900 (
_eTours :
_fE. Arrault et Cie)
300 _a336, :
_bil. ;
_c22 cm.
490 1 _aBibliothèque scientifique internationale ; 86
500 _aAvec 153 gravures et cartes dans le texte.
650 4 _aAntropología cultural y social-
_zFrancia.
_9147560
650 4 _aHombre prehistórico-
_zFrancia.
_9147561
830 0 _aBibliothèque scientifique internationale ; 86
_9222034
852 _aES-MaACL
_jF-14415
_z-- Enc. editorial en tela
999 _c160256
_d160256